| 000 | 00656nam a2200217Ia 4500 | ||
|---|---|---|---|
| 008 | 160418s9999 xx 000 0 und d | ||
| 020 | _a978-971-98-0082-8 | ||
| 050 | _aFIL PL 5531 | ||
| 050 | _b.P36 2014 | ||
| 245 | _aAng Panitikan at kulturang Pilipino / | ||
| 245 | _cTeresita Perez-Semorlan… [et al] | ||
| 260 | _aQuezon City: | ||
| 260 | _bC&E Publishing, Inc. | ||
| 260 | _c2014 | ||
| 300 | _a390 pages : | ||
| 300 | _billustrations ; | ||
| 300 | _c22 cm. | ||
| 500 | _aIncludes bibliographical references and index. | ||
| 650 | _aPhilippine literature. | ||
| 650 | _xPhilippine literature -- Anthropology, history, and criticism. | ||
| 999 |
_c293606 _d293606 |
||